00814nam a22002057a 450000500170000001000150001702000260003203500130005803700130007110000410008424501540012526000370027927000610031630000210037750000570039860000410045565000430049665000500053970000190058920150915115335.0 aENG-113894 a9788178243641c350.00 aEN-97426 bDBAD/PUB a Śivaśaṅkara Śarma, Rāṇi aThe last Brahmin :cby Rani Siva Sankara Sarma ; translated from the Telugu by D.Venkat Raoblife and refelections of a modern -day Sanskrit pandit / aRanikhetbPermanent Black c2012 aHimalayana, Mall Road, Ranikhet Cantt,bRanikhete263645 a197p.c22cm(pbk) a Includes bibliographical references (p. [196]-197). aŚivaśaṅkara Śarma, Rāṇi. aSanskritists zIndia zAndhra Pradesh  aTeachers zIndiazAndhra Pradesh vBiography. aVenkat Rao, D.